000 00422nam a2200181Ia 4500
001 1759
005 20260306143752.0
008 260306t1971||||xx |||||||||||||| ||spa||
041 _aESP
082 _a155.3
_bC32
100 _aCastilla del Pino, Carlos
_eAUT
245 0 _aSexualidad y represión
260 _c1971
300 _a71 páginas :
_c19 cm.
650 _aGEN
654 _aCPS
942 _cLIB
_dJUS
_fJUS
_2ddc
_n
999 _c1759
_d1759